KOHA-Header-6

A Short History of Pakistan Books One to Four (Record no. 10023)

000 -LEADER
fixed length control field 00275nam a2200109Ia 4500
100 ## - MAIN ENTRY--AUTHOR NAME
Personal name I.H. Qureshi
245 #2 - TITLE STATEMENT
Title A Short History of Pakistan Books One to Four
260 ## - PUBLICATION, DISTRIBUTION, ETC. (IMPRINT)
Place of publication India
Name of publisher Oxford
Year of publication 2003
300 ## - PHYSICAL DESCRIPTION
Number of Pages 668
942 ## - ADDED ENTRY ELEMENTS (KOHA)
Koha item type Books
Holdings
Withdrawn status Lost status Collection code Permanent Location Current Location Shelving location Date acquired Full call number Accession Number Koha item type
      MAJU MAJU   2019-09-14 658.8 6103 Pakistan Studies

Powered by Koha